000 02128nam a2200373 a 4500
001 200427500
003 TR-AnTOB
005 20260305163644.0
008 131008s2011 tu 000 0 tur
020 _a9789750508271
040 _aGAZIU
_beng
_cTR-AnTOB
_erda
041 1 _atur
_heng
050 0 0 _aPG3476.N3
_bZ46519 2011
090 _aPG3476.N3
_bZ46519 2011
100 1 _aNabokov, Vladimir Vladimirovich,
_d1899-1977
_eauthor
_938377
240 1 0 _aSpeak, memory : an autobiography revisited.
_lTurkish
245 1 0 _aKonuş, hafıza :
_btekrar ele alınmış bir otobiyografi /
_cVladimir Nabokov ; çeviren, Yiğit Yavuz.
250 _a3. baskı.
264 1 _aİstanbul :
_bİletişim Yayınları,
_c2015.
300 _a309 pages ;
_c21 cm
336 _atext
_btxt
_2rdacontent
337 _aunmediated
_bn
_2rdamedia
338 _avolume
_bnc
_2rdacarrier
490 0 _aİletişim yayınları ;
_v1546.
490 0 _aÇağdaş Dünya Edebiyatı ;
_v209
504 _aBIBINDX
520 _aBeşik bir uçurumun üzerinde sallanır ve sağduyumuz bize, varoluşumuzun iki ebedi karanlık arasındaki kısa bir ışık çakmasından başka bir şey olmadığını söyler." KONUŞ, HAFIZA "Nabokov, tarihî olayların detaylarına girerek, onları neşeli anekdotlarla ve etkileyici bir anlatımla birleştirerek, _Konuş, Hafıza'yı bitmeyen bir okuma zevkine dönüştürüyor._Yazarın bilindik üslubu, diğer Nabokov romanlarına dair verdiği ipuçlarına ve imalara lezzet katıyor." HARPER'S "Çağımızın en harikulade otobiyografisi. Nabokov etkileyici bir hassasiyet ve coşkunlukla kayıp dünyayı baştan yaratıyor." THE NEW REPUBLIC "Göz kamaştırıcı... bu kitapta, sonsuza dek kaybolmakta olan bir dünyadan, insanı hayrete düşüren işaretler bulacaksınız." NEW YORK TIMES
600 1 0 _aNabokov, Vladimir Vladimirovich,
_d1899-1977
_938377
650 0 _aYazarlar, Rus
_y20. yüzyıl
_vBiyografi
_947655
650 0 _aYazarlar, Amerikan
_y20. yüzyıl
_vBiyografi
_951793
700 1 _aYavuz, Yiğit
_etranslator
_9104788
942 _2lcc
_cBK
999 _c200427500
_d45424